Many things in parables. (Record no. 7387)

000 -LEADER
fixed length control field 00546nam a2200181 a 4500
001 - CONTROL NUMBER
control field :::00005148$&:&@@
003 - CONTROL NUMBER IDENTIFIER
control field OkBaRHE
005 - DATE AND TIME OF LATEST TRANSACTION
control field 20100401144909.0
008 - FIXED-LENGTH DATA ELEMENTS--GENERAL INFORMATION
fixed length control field s1955 j 000 0 eng u
040 ## - CATALOGING SOURCE
Transcribing agency
100 1# - MAIN ENTRY--PERSONAL NAME
Personal name Wallace, Ronald S.
245 10 - TITLE STATEMENT
Title Many things in parables.
260 ## - PUBLICATION, DISTRIBUTION, ETC. (IMPRINT)
Place of publication, distribution, etc Edinburgh, UK:ST., :
Name of publisher, distributor, etc Oliver and Boyd
Date of publication, distribution, etc 1955
300 ## - PHYSICAL DESCRIPTION
Extent 218 p. ;
Dimensions 22 cm.
650 ## - SUBJECT ADDED ENTRY--TOPICAL TERM
Topical term or geographic name as entry element Jesus Christ
General subdivision Parables
942 ## - ADDED ENTRY ELEMENTS (KOHA)
Source of classification or shelving scheme
Koha item type Books
Copies
Price effective from Source of classification or shelving scheme Date acquired Withdrawn status Lost status Full call number Date last seen Copy number Barcode Not for loan Koha item type Damaged status Permanent Location Shelving location
2010-04-14 2010-04-14  BT 375 .W3 19552010-04-1415148 Books RHEMA Bible Training CollegeGeneral Stacks